| 000 | 00537pab a2200193 454500 | ||
|---|---|---|---|
| 008 | 180718b2010 xxu||||| |||| 00| 0 eng d | ||
| 100 | _aLee, Joseph S. | ||
| 245 | _aGlobalization and changing industrial relations in Taiwan's banking industry | ||
| 260 | _c2010 | ||
| 300 | _ap.609-21. | ||
| 362 | _aApr | ||
| 650 | _aGlobalization - Taiwan | ||
| 650 | _aBaks - Taiwan | ||
| 650 | _aLabour relations - Taiwan | ||
| 650 | _aLabour relations | ||
| 773 | _aIndian Journal of Industrial Relations | ||
| 908 | _aN | ||
| 909 | _a86952 | ||
| 999 |
_c86952 _d86952 |
||